[Event "Mario Desautels mem."]
[Site "Gatineau CAN"]
[Date "2019.12.17"]
[Round "4"]
[White "Labelle, Raymond"]
[Black "Zhao, Richie"]
[Result "1-0"]
[WhiteElo "1606"]
[BlackElo "1271"]
[PlyCount "92"]
[EventDate "2019.12.17"]
[EventType "swiss"]
[EventRounds "5"]
[EventCountry "CAN"]

1. e4 e5 2. Nf3 Nc6 3. Nc3 Nf6 4. d3 Bc5 5. Be2 d6 6. Bg5 h6 7. Bd2 Bg4 8. O-O
O-O 9. h3 Bh5 10. a3 Nd4 11. Nxd4 Bxe2 12. Ndxe2 Nh5 13. b4 Bb6 14. Nd5 f5 15.
Nxb6 axb6 16. Nc3 f4 17. Qxh5 f3 18. g3 Qd7 19. Nd5 Ra6 20. Ne3 c6 21. Nf5 d5
22. Qxf3 dxe4 23. Qxe4 Rxf5 24. Bc3 Rh5 25. Qg4 Qf7 26. Rfe1 Rf5 27. Re2 Ra8
28. Qc4 Qxc4 29. dxc4 Re8 30. Rae1 Ref8 31. Bxe5 Rh5 32. Kg2 Rhf5 33. Bd4 g5
34. Re8 Rxe8 35. Rxe8+ Kf7 36. Rh8 Kg6 37. Rg8+ Kf7 38. Rg7+ Ke8 39. Rg6 Ke7
40. Rxh6 c5 41. g4 Rf4 42. Be3 Rxc4 43. Bxg5+ Kd7 44. Rxb6 cxb4 45. Rxb7+ Kc6
46. Rxb4 Rxc2 1-0

[Event "Mario Desautels mem."]
[Site "Gatineau CAN"]
[Date "2019.12.17"]
[Round "4"]
[White "Lecorre, Joel"]
[Black "Bastien, Andre"]
[Result "1/2-1/2"]
[WhiteElo "1512"]
[BlackElo "1761"]
[PlyCount "79"]
[EventDate "2019.12.17"]
[EventType "swiss"]
[EventRounds "5"]
[EventCountry "CAN"]

1. e4 c5 2. Nc3 Nc6 3. g3 g6 4. Bg2 Bg7 5. d3 d6 6. Be3 Rb8 7. a4 Nh6 8. h3 f5
9. Qd2 Nf7 10. Nge2 e5 11. Nd5 Nd4 12. Ra3 Be6 13. c3 Nc6 14. b4 cxb4 15. cxb4
O-O 16. O-O Bxd5 17. exd5 Nd4 18. Rc1 Qd7 19. Rc4 Nxe2+ 20. Qxe2 a6 21. Qc2 f4
22. gxf4 exf4 23. Bxf4 Qf5 24. Bg3 Be5 25. Qe2 Rfe8 26. Qg4 Qf6 27. Rc7 Bxg3
28. Qxg3 Re5 29. h4 Re1+ 30. Kh2 Re2 31. Bf3 Rb2 32. Rc4 Qe5 33. Re4 Rxf2+ 34.
Kh3 Qb2 35. Bg4 Ne5 36. Be6+ Kg7 37. d4 Rh2+ 38. Qxh2 Qxa3+ 39. Qg3 Qxg3+ 40.
Kxg3 1/2-1/2

[Event "Mario Desautels mem."]
[Site "Gatineau CAN"]
[Date "2019.12.17"]
[Round "4"]
[White "Rioux, Jocelyn"]
[Black "Simard, Paul"]
[Result "1-0"]
[WhiteElo "1620"]
[BlackElo "1236"]
[PlyCount "97"]
[EventDate "2019.12.17"]
[EventType "swiss"]
[EventRounds "5"]
[EventCountry "CAN"]

1. e4 e5 2. Nf3 d6 3. Bc4 Be7 4. O-O Nf6 5. Re1 O-O 6. c3 c6 7. d4 exd4 8. cxd4
b5 9. Bb3 Re8 10. Bc2 a5 11. Qd3 g6 12. h3 Na6 13. a3 Bd7 14. Bh6 Bf8 15. Bg5
Be7 16. Bh6 Bf8 17. Bg5 Be7 18. Bf4 Nh5 19. Be3 Nf6 20. Nbd2 Nc7 21. Rac1 Be6
22. e5 Nfd5 23. Bh6 Bf8 24. Bxf8 Rxf8 25. exd6 Qxd6 26. Ne4 Qe7 27. Qd2 Nf6 28.
Nxf6+ Qxf6 29. Be4 Bd5 30. Bxd5 Nxd5 31. Ne5 Rfe8 32. Rxc6 Qf4 33. Qxf4 Nxf4
34. Kf1 Rac8 35. Rec1 Rxc6 36. Rxc6 Rd8 37. Nf3 Nd3 38. Rc2 a4 39. g3 b4 40.
Ke2 b3 41. Rd2 Nc1+ 42. Kd1 Rc8 43. d5 Rc2 44. Rxc2 Nd3 45. Rc8+ Kg7 46. d6
Nxb2+ 47. Kc1 Nd3+ 48. Kb1 b2 49. d7 1-0

[Event "Mario Desautels mem."]
[Site "Gatineau CAN"]
[Date "2019.12.17"]
[Round "4"]
[White "Sabourin, Yves"]
[Black "Villeneuve, Denis"]
[Result "1-0"]
[WhiteElo "1446"]
[BlackElo "1465"]
[PlyCount "67"]
[EventDate "2019.12.17"]
[EventType "swiss"]
[EventRounds "5"]
[EventCountry "CAN"]

1. e4 d6 2. d4 Nf6 3. Bd3 Nbd7 4. Nc3 c6 5. f4 e5 6. Nf3 Qc7 7. O-O Be7 8. fxe5
dxe5 9. dxe5 Nxe5 10. Bf4 Qb6+ 11. Kh1 Nxf3 12. Qxf3 O-O 13. e5 Nd5 14. Nxd5
cxd5 15. Qxd5 Be6 16. Qe4 g6 17. b3 Rad8 18. Be3 Bc5 19. Bh6 Rfe8 20. a3 Bf8
21. Bg5 Rd4 22. Qe2 Rd7 23. Bb5 Qc7 24. Bxd7 Qxd7 25. Qe3 b6 26. Bh6 Bg7 27.
Bxg7 Kxg7 28. Rad1 Qe7 29. Qd4 Qc7 30. Rd2 Bf5 31. Qd6 Qc3 32. Qf6+ Kg8 33.
Rfd1 Qc7 34. Rd8 1-0

[Event "Maritime op"]
[Site "Summerside CAN"]
[Date "2019.10.12"]
[Round "1.1"]
[White "MacNeil, Walter"]
[Black "Manley, Jason"]
[Result "0-1"]
[WhiteElo "1761"]
[BlackElo "2204"]
[PlyCount "90"]
[EventDate "2019.10.12"]
[EventType "swiss"]
[EventRounds "6"]
[EventCountry "CAN"]

1. Nf3 Nf6 2. d4 e6 3. e3 b6 4. Nbd2 Bb7 5. b3 c5 6. Bb2 Nc6 7. Bd3 Be7 8. O-O
O-O 9. a3 cxd4 10. exd4 Nd5 11. c4 Nf4 12. Bc2 f5 13. g3 Nh3+ 14. Kg2 Ng5 15.
Qe2 Bf6 16. Qd3 Qe8 17. h4 Nxf3 18. Nxf3 Qh5 19. Rae1 Bxd4 20. Bxd4 Nxd4 21.
Bd1 Nxf3 22. Bxf3 Bxf3+ 23. Qxf3 Qxf3+ 24. Kxf3 Kf7 25. Rd1 Ke7 26. Ke3 e5 27.
Rd5 d6 28. Rfd1 Rad8 29. f4 e4 30. b4 g6 31. a4 Rd7 32. c5 bxc5 33. bxc5 Rfd8
34. c6 Rc7 35. Rc1 Rdc8 36. Ra5 h5 37. Kd4 Ke6 38. Ra6 Rb8 39. Kc3 d5 40. Kd4
Kd6 41. Ra5 Rb4+ 42. Ke3 d4+ 43. Kd2 Rb2+ 44. Ke1 d3 45. Re5 d2+ 0-1

[Event "Maritime op"]
[Site "Summerside CAN"]
[Date "2019.10.12"]
[Round "1.2"]
[White "Langen, Roger"]
[Black "Beloungie, Lance"]
[Result "1-0"]
[WhiteElo "2135"]
[BlackElo "1711"]
[PlyCount "39"]
[EventDate "2019.10.12"]
[EventType "swiss"]
[EventRounds "6"]
[EventCountry "CAN"]

1. e4 e6 2. Qe2 Ne7 3. f4 d5 4. d3 g6 5. Nf3 Bg7 6. Nc3 c5 7. g3 Nbc6 8. Bg2 a6
9. O-O O-O 10. Kh1 b5 11. Qf2 c4 12. e5 cxd3 13. cxd3 Ra7 14. Be3 Rc7 15. Bb6
f6 16. d4 fxe5 17. dxe5 Nf5 18. Rac1 Bb7 19. Ng5 Re8 20. Nxe6 1-0

[Event "Maritime op"]
[Site "Summerside CAN"]
[Date "2019.10.12"]
[Round "1.3"]
[White "Cashin, Ken"]
[Black "Bogle, Bill"]
[Result "0-1"]
[WhiteElo "1737"]
[BlackElo "2121"]
[PlyCount "64"]
[EventDate "2019.10.12"]
[EventType "swiss"]
[EventRounds "6"]
[EventCountry "CAN"]

1. e4 c5 2. Nc3 Nc6 3. f4 e6 4. Nf3 Nge7 5. Bb5 a6 6. Bxc6 Nxc6 7. d3 Be7 8.
O-O d6 9. Qe2 h6 10. Bd2 Qc7 11. Rae1 Nd4 12. Qd1 Bd7 13. f5 O-O-O 14. Bf4 Bf6
15. g4 Bc6 16. a4 Nxf3+ 17. Qxf3 Bxc3 18. bxc3 Bxa4 19. fxe6 fxe6 20. d4 Rhf8
21. Qd1 Bb5 22. Rf2 Rf7 23. Qd2 Rdf8 24. Bg3 g5 25. dxc5 Qxc5 26. Qd4 Qxd4 27.
cxd4 Rxf2 28. Bxf2 Kd7 29. Kg2 Rc8 30. Rc1 Bd3 31. e5 Bxc2 32. Kg3 Rc3+ 0-1

[Event "Maritime op"]
[Site "Summerside CAN"]
[Date "2019.10.12"]
[Round "1.4"]
[White "MacKean, Peter"]
[Black "MacNeil, Conrad"]
[Result "1-0"]
[WhiteElo "2046"]
[BlackElo "1683"]
[PlyCount "85"]
[EventDate "2019.10.12"]
[EventType "swiss"]
[EventRounds "6"]
[EventCountry "CAN"]

1. e4 c5 2. Nf3 Nc6 3. d4 cxd4 4. Nxd4 e5 5. Nb5 d6 6. N1c3 a6 7. Na3 b5 8. Nd5
Nf6 9. Nxf6+ Qxf6 10. c3 Qg6 11. f3 Be7 12. Nc2 O-O 13. a4 Be6 14. Ne3 b4 15.
g3 bxc3 16. bxc3 Na5 17. Nd5 Bd8 18. Ba3 Bd7 19. Be2 f5 20. Bd3 Kh8 21. O-O Nb7
22. Qe2 f4 23. g4 Nc5 24. Bxc5 dxc5 25. Qf2 Qd6 26. Rfb1 Ba5 27. Qe2 Be6 28. c4
Bxd5 29. exd5 Bc3 30. Qe4 Qh6 31. Rb6 Bd4+ 32. Kh1 g6 33. Rab1 Qh4 34. d6 Rad8
35. Rxa6 Rf6 36. Qd5 Qf2 37. Ra8 Rff8 38. Rxd8 Rxd8 39. Be4 Kg7 40. Qb7+ Kh6
41. Qc7 Rf8 42. d7 Rf7 43. d8=Q 1-0

[Event "Maritime op"]
[Site "Summerside CAN"]
[Date "2019.10.12"]
[Round "2.1"]
[White "Manley, Jason"]
[Black "Heran-Boily, Samuel"]
[Result "1-0"]
[WhiteElo "2204"]
[BlackElo "1933"]
[PlyCount "67"]
[EventDate "2019.10.12"]
[EventType "swiss"]
[EventRounds "6"]
[EventCountry "CAN"]

1. e4 e5 2. Nf3 Nc6 3. Bc4 Bc5 4. b4 Bxb4 5. c3 Ba5 6. d4 exd4 7. O-O Nf6 8. e5
Ne4 9. Qe2 Nxc3 10. Nxc3 Bxc3 11. Ng5 Qe7 12. Bxf7+ Kd8 13. Qh5 Rf8 14. Ne6+
dxe6 15. Bg5 Rxf7 16. Bxe7+ Rxe7 17. Rac1 g6 18. Qg5 b6 19. Rfd1 Ke8 20. h4 Bb7
21. h5 gxh5 22. Rxc3 Kd7 23. Rh3 Rf8 24. Rxh5 Rff7 25. Rh4 Rg7 26. Qf6 Ref7 27.
Rhxd4+ Nxd4 28. Rxd4+ Bd5 29. Rxd5+ exd5 30. e6+ Ke8 31. exf7+ Rxf7 32. Qe6+
Re7 33. Qg8+ Kd7 34. Qxd5+ 1-0

[Event "Maritime op"]
[Site "Summerside CAN"]
[Date "2019.10.12"]
[Round "2.2"]
[White "Cliche, Philippe"]
[Black "Langen, Roger"]
[Result "1-0"]
[WhiteElo "1931"]
[BlackElo "2135"]
[PlyCount "59"]
[EventDate "2019.10.12"]
[EventType "swiss"]
[EventRounds "6"]
[EventCountry "CAN"]

1. e4 Nf6 2. Nc3 e5 3. f4 d5 4. Nf3 dxe4 5. Nxe5 Bc5 6. Bc4 O-O 7. Qe2 Qe7 8.
d3 exd3 9. Bxd3 Nbd7 10. Bd2 Nxe5 11. fxe5 Ng4 12. O-O-O Nxe5 13. Rde1 Nxd3+
14. Qxd3 Be6 15. Qg3 Bd6 16. Qf3 c6 17. h4 Qd7 18. h5 Bg4 19. Qf2 Qf5 20. Qd4
Bc5 21. Qc4 b5 22. Qb3 Rfe8 23. h6 Rxe1+ 24. Rxe1 Qd7 25. Ne4 Rd8 26. hxg7 Kxg7
27. Qg3 f5 28. Qe5+ Kf7 29. Qf6+ Kg8 30. Qg5+ 1-0

[Event "Maritime op"]
[Site "Summerside CAN"]
[Date "2019.10.12"]
[Round "2.3"]
[White "Bogle, Bill"]
[Black "Kenney, David"]
[Result "1-0"]
[WhiteElo "2121"]
[BlackElo "1843"]
[PlyCount "119"]
[EventDate "2019.10.12"]
[EventType "swiss"]
[EventRounds "6"]
[EventCountry "CAN"]

1. e4 d6 2. d4 Nf6 3. Nc3 g6 4. g3 Bg7 5. Bg2 O-O 6. Nge2 c6 7. O-O e5 8. a4
Na6 9. h3 Qc7 10. Be3 Bd7 11. Qd2 Rad8 12. Rad1 Qc8 13. Kh2 b6 14. Rfe1 Nc7 15.
f4 exd4 16. Nxd4 c5 17. Ndb5 Nxb5 18. axb5 Ne8 19. Nd5 Kh8 20. c4 Be6 21. Ne7
Qc7 22. Nc6 Rd7 23. Qc2 f5 24. Ra1 fxe4 25. Bxe4 Qc8 26. Nxa7 Qd8 27. Nc6 Qf6
28. Ra8 Nc7 29. Rxf8+ Qxf8 30. Bd2 Bf5 31. Bc3 Bxe4 32. Bxg7+ Qxg7 33. Rxe4 h6
34. Qc3 Qxc3 35. bxc3 d5 36. Ne5 Rg7 37. cxd5 Nxd5 38. c4 Nf6 39. Re2 Kh7 40.
g4 Re7 41. Kg3 g5 42. Kf3 gxf4 43. Kxf4 Nd7 44. Kf5 Nxe5 45. Rxe5 Rf7+ 46. Ke4
Rf6 47. Kd5 Rf4 48. Re4 Rf6 49. Re6 Rf3 50. h4 Rf4 51. Re4 Rf6 52. Re7+ Kg8 53.
g5 hxg5 54. hxg5 Rf4 55. Re4 Rf5+ 56. Kc6 Rxg5 57. Kxb6 Kf7 58. Kc7 Rg7 59. b6
Kf6+ 60. Kc6 1-0

[Event "Maritime op"]
[Site "Summerside CAN"]
[Date "2019.10.12"]
[Round "2.4"]
[White "Mallais, Daniel"]
[Black "MacKean, Peter"]
[Result "1-0"]
[WhiteElo "1902"]
[BlackElo "2046"]
[PlyCount "57"]
[EventDate "2019.10.12"]
[EventType "swiss"]
[EventRounds "6"]
[EventCountry "CAN"]

1. e4 e6 2. d4 d5 3. Nc3 Bb4 4. Bd3 dxe4 5. Bxe4 Nf6 6. Bd3 O-O 7. Nf3 b6 8. a3
Be7 9. Bg5 Nbd7 10. Qe2 Bb7 11. Rd1 h6 12. h4 h5 13. Ne5 g6 14. Bh6 Nxe5 15.
dxe5 Nd5 16. Bxf8 Qxf8 17. Nxd5 Bxd5 18. c4 Bc6 19. Be4 Qe8 20. Qf3 Bxe4 21.
Qxe4 Rd8 22. O-O a5 23. Rd4 Bc5 24. Rd3 Rxd3 25. Qxd3 Qe7 26. g3 Kf8 27. Rd1
Ke8 28. Qe4 g5 29. Qa8+ 1-0

[Event "Maritime op"]
[Site "Summerside CAN"]
[Date "2019.10.13"]
[Round "3.1"]
[White "Saunders, Stephen"]
[Black "Manley, Jason"]
[Result "0-1"]
[WhiteElo "1832"]
[BlackElo "2204"]
[PlyCount "60"]
[EventDate "2019.10.12"]
[EventType "swiss"]
[EventRounds "6"]
[EventCountry "CAN"]

1. d4 Nf6 2. c4 c5 3. d5 b5 4. cxb5 a6 5. f3 Qa5+ 6. Bd2 Qb6 7. e4 axb5 8. Na3
Ba6 9. Qb3 b4 10. Nc4 Bxc4 11. Bxc4 d6 12. Nh3 Nbd7 13. O-O g6 14. Nf2 Bg7 15.
Nd1 O-O 16. Ne3 Nh5 17. Rfe1 Bd4 18. Kh1 Ne5 19. Bf1 f5 20. Nc4 Nxc4 21. Bxc4
f4 22. a3 g5 23. h3 Rfb8 24. g4 Ng3+ 25. Kg2 bxa3 26. Rxa3 Qxb3 27. Rxb3 Rxb3
28. Bxb3 Rb8 29. Bc2 Rxb2 30. Rc1 Ne2 0-1

[Event "Maritime op"]
[Site "Summerside CAN"]
[Date "2019.10.13"]
[Round "3.2"]
[White "Wang, Andy Zixin"]
[Black "Bogle, Bill"]
[Result "0-1"]
[WhiteElo "1476"]
[BlackElo "2121"]
[PlyCount "62"]
[EventDate "2019.10.12"]
[EventType "swiss"]
[EventRounds "6"]
[EventCountry "CAN"]

1. e4 c5 2. Nf3 d6 3. d4 cxd4 4. Nxd4 Nf6 5. Nc3 Nc6 6. Be2 e5 7. Nb3 Be6 8.
O-O Be7 9. f4 exf4 10. Bxf4 O-O 11. Bf3 Ne5 12. Bxe5 dxe5 13. Nd5 Bxd5 14. exd5
e4 15. Bg4 Nxd5 16. Qe2 Qb6+ 17. Kh1 Ne3 18. Rfe1 Nxg4 19. Qxg4 f5 20. Qe2 Qh6
21. Rf1 Bd6 22. h3 Rae8 23. Qb5 f4 24. Qxb7 f3 25. Qd5+ Kh8 26. Qd2 e3 27. Qe1
f2 28. Qe2 Qf4 29. g3 Qxg3 30. Rxf2 Rxf2 31. Qxf2 exf2 0-1

[Event "Maritime op"]
[Site "Summerside CAN"]
[Date "2019.10.13"]
[Round "3.3"]
[White "Bowes, Richard"]
[Black "McKim, Fred"]
[Result "1-0"]
[WhiteElo "2015"]
[BlackElo "1933"]
[PlyCount "39"]
[EventDate "2019.10.12"]
[EventType "swiss"]
[EventRounds "6"]
[EventCountry "CAN"]

1. e4 c5 2. c3 d5 3. exd5 Qxd5 4. d4 cxd4 5. cxd4 Nc6 6. Nf3 Bg4 7. Be2 Nf6 8.
Nc3 Qa5 9. d5 Rd8 10. Qb3 Nxd5 11. O-O Nxc3 12. bxc3 g6 13. Bc4 e6 14. Qxb7 Qb6
15. Rb1 Qxb7 16. Rxb7 Bxf3 17. gxf3 Bg7 18. Bb5 Rc8 19. Ba3 Bf6 20. Rd1 1-0

[Event "Maritime op"]
[Site "Summerside CAN"]
[Date "2019.10.13"]
[Round "3.4"]
[White "MacKean, Peter"]
[Black "Cliche, Philippe"]
[Result "0-1"]
[WhiteElo "2046"]
[BlackElo "1931"]
[PlyCount "82"]
[EventDate "2019.10.12"]
[EventType "swiss"]
[EventRounds "6"]
[EventCountry "CAN"]

1. d4 e6 2. c4 f5 3. Nc3 Be7 4. e4 fxe4 5. Nxe4 Nf6 6. Bd3 O-O 7. Nf3 d5 8.
Neg5 h6 9. Nh3 c5 10. Nf4 Nc6 11. Ng6 Re8 12. O-O cxd4 13. Nxe7+ Qxe7 14. cxd5
Nxd5 15. Bg6 Rf8 16. Nxd4 Bd7 17. Be4 Qh4 18. f3 Rad8 19. Bxd5 exd5 20. Be3
Rde8 21. Bf2 Qf6 22. Qd2 Qg6 23. Nxc6 bxc6 24. Bxa7 Re5 25. Bd4 Ref5 26. Kh1
Qd6 27. Qf2 Ra8 28. a3 Rh5 29. f4 Bf5 30. Qe2 Qg6 31. Qf2 Be4 32. Rac1 Rf8 33.
Qd2 Rh3 34. Rc3 Rh4 35. Be5 Qh5 36. Rg3 Rxh2+ 37. Kg1 Rh1+ 38. Kf2 Rxf1+ 39.
Kxf1 Qxe5 40. Rf3 Qh5 41. Rf2 c5 0-1

[Event "Maritime op"]
[Site "Summerside CAN"]
[Date "2019.10.13"]
[Round "4.1"]
[White "Manley, Jason"]
[Black "Bowes, Richard"]
[Result "1-0"]
[WhiteElo "2204"]
[BlackElo "2015"]
[PlyCount "65"]
[EventDate "2019.10.12"]
[EventType "swiss"]
[EventRounds "6"]
[EventCountry "CAN"]

1. e4 e5 2. Bc4 Nf6 3. d3 c6 4. Nf3 d5 5. Bb3 Bd6 6. Nc3 dxe4 7. dxe4 O-O 8.
O-O Qe7 9. Qe2 Be6 10. Rd1 h6 11. Nh4 Nbd7 12. Bxe6 Qxe6 13. Nf5 Bc5 14. Qf3
Kh7 15. Qh3 h5 16. Qh4 g6 17. Qg5 Ng4 18. h3 f6 19. Qd2 Rf7 20. hxg4 gxf5 21.
gxf5 Qe7 22. Qh6+ Kg8 23. Qxh5 Rh7 24. Bh6 Kh8 25. Na4 Bb4 26. a3 Ba5 27. b4
Bc7 28. Rd3 b5 29. Rad1 Rd8 30. Nc5 Nxc5 31. Rxd8+ Bxd8 32. bxc5 Qc7 33. Qe8#
1-0

[Event "Maritime op"]
[Site "Summerside CAN"]
[Date "2019.10.13"]
[Round "4.2"]
[White "Bogle, Bill"]
[Black "Cliche, Philippe"]
[Result "1-0"]
[WhiteElo "2121"]
[BlackElo "1931"]
[PlyCount "47"]
[EventDate "2019.10.12"]
[EventType "swiss"]
[EventRounds "6"]
[EventCountry "CAN"]

1. e4 e6 2. d4 d5 3. Nd2 dxe4 4. Nxe4 Be7 5. Bd3 Nd7 6. Ne2 Ngf6 7. O-O Nxe4 8.
Bxe4 Nf6 9. Bf3 O-O 10. c4 c5 11. Be3 Qc7 12. Qc2 Rd8 13. Rfd1 Bd7 14. dxc5 a5
15. b3 Rab8 16. Qc3 Bxc5 17. Bf4 Qb6 18. Bxb8 Bxf2+ 19. Kh1 Rxb8 20. Rd3 Bc6
21. Bxc6 bxc6 22. Rf1 Ne4 23. Qe5 f5 24. Rd7 1-0

[Event "Maritime op"]
[Site "Summerside CAN"]
[Date "2019.10.13"]
[Round "4.3"]
[White "Kenney, David"]
[Black "Langen, Roger"]
[Result "1/2-1/2"]
[WhiteElo "1843"]
[BlackElo "2135"]
[PlyCount "63"]
[EventDate "2019.10.12"]
[EventType "swiss"]
[EventRounds "6"]
[EventCountry "CAN"]

1. d4 Nf6 2. Nf3 d5 3. e3 c5 4. c3 e6 5. Bd3 Nc6 6. Nbd2 Bd6 7. O-O O-O 8. dxc5
Bxc5 9. e4 h6 10. Qe2 e5 11. exd5 Nxd5 12. Nb3 Bd6 13. Rd1 Nf6 14. Nbd2 Qe7 15.
h3 Re8 16. Ne4 Nxe4 17. Qxe4 f5 18. Bc4+ Kh8 19. Qh4 Qxh4 20. Nxh4 Bc7 21. Be3
g5 22. Nf3 e4 23. Nd4 f4 24. Nxc6 fxe3 25. Nd4 exf2+ 26. Kxf2 Bb6 27. Ke3 Be6
28. Bxe6 Rxe6 29. Rf1 Kg7 30. Rf5 Rd8 31. Raf1 Rd7 32. g4 1/2-1/2

[Event "Maritime op"]
[Site "Summerside CAN"]
[Date "2019.10.13"]
[Round "4.4"]
[White "McKim, Fred"]
[Black "Saunders, Stephen"]
[Result "1/2-1/2"]
[WhiteElo "1933"]
[BlackElo "1832"]
[PlyCount "40"]
[EventDate "2019.10.12"]
[EventType "swiss"]
[EventRounds "6"]
[EventCountry "CAN"]

1. e4 c5 2. Nf3 d6 3. Bb5+ Nc6 4. Bxc6+ bxc6 5. c3 Nf6 6. e5 Ng4 7. exd6 exd6
8. O-O Be7 9. d3 O-O 10. h3 Nf6 11. Re1 h6 12. Nbd2 Bf5 13. Ne4 d5 14. Nxf6+
Bxf6 15. Bf4 Qd7 16. Ne5 Bxe5 17. Bxe5 Rfe8 18. Qd2 Re6 19. d4 Rae8 20. Bg3
Rxe1+ 1/2-1/2

[Event "Maritime op"]
[Site "Summerside CAN"]
[Date "2019.10.14"]
[Round "5.1"]
[White "Bogle, Bill"]
[Black "Manley, Jason"]
[Result "1-0"]
[WhiteElo "2121"]
[BlackElo "2204"]
[PlyCount "65"]
[EventDate "2019.10.12"]
[EventType "swiss"]
[EventRounds "6"]
[EventCountry "CAN"]

1. e4 e6 2. d4 d5 3. Nc3 Nf6 4. exd5 exd5 5. Bd3 c6 6. h3 Bd6 7. Qf3 Qb6 8.
Nge2 Be6 9. Bh6 Bf8 10. Bg5 Nbd7 11. O-O-O Bd6 12. Ng3 Qxd4 13. Nf5 Bxf5 14.
Bxf5 Qb6 15. Rhe1+ Kf8 16. Bxd7 Nxd7 17. Nxd5 cxd5 18. Qxd5 Be5 19. c3 Bxc3 20.
bxc3 Nf6 21. Qd6+ Kg8 22. Qxb6 axb6 23. Re7 h6 24. Bxf6 gxf6 25. Rdd7 Rxa2 26.
Rxf7 Rxf2 27. Rg7+ Kf8 28. Rdf7+ Ke8 29. Rxb7 Kf8 30. Rgc7 Re2 31. Rc8+ Re8 32.
Rxe8+ Kxe8 33. Rb8+ 1-0

[Event "Maritime op"]
[Site "Summerside CAN"]
[Date "2019.10.14"]
[Round "5.2"]
[White "Cliche, Philippe"]
[Black "Mallais, Daniel"]
[Result "0-1"]
[WhiteElo "1931"]
[BlackElo "1902"]
[PlyCount "112"]
[EventDate "2019.10.12"]
[EventType "swiss"]
[EventRounds "6"]
[EventCountry "CAN"]

1. e4 c6 2. d4 d5 3. Nd2 dxe4 4. Nxe4 Nd7 5. Bd3 Ngf6 6. Ne2 Nxe4 7. Bxe4 Nf6
8. Bf3 Bf5 9. O-O e6 10. c4 Qc7 11. c5 Nd5 12. Bd2 b6 13. b4 Be7 14. Bxd5 exd5
15. Bf4 Qd7 16. Ng3 Bg6 17. Re1 O-O 18. Qd2 a5 19. Rxe7 Qxe7 20. Bd6 Qa7 21.
Bxf8 Kxf8 22. Re1 axb4 23. Qxb4 bxc5 24. dxc5 Qa5 25. Qxa5 Rxa5 26. Rc1 Rxa2
27. h4 Bd3 28. Rc3 Bc4 29. Nf5 Ra5 30. Re3 Rxc5 31. Nd6 g6 32. Re8+ Kg7 33. g4
d4 34. g5 Be6 35. Ne4 Rf5 36. Nf6 Rxf6 37. gxf6+ Kxf6 38. Kf1 h5 39. Ke2 c5 40.
Kd3 Ke5 41. Rb8 c4+ 42. Kd2 Ke4 43. Rb4 Kf3 44. Ke1 Kg4 45. Rb6 Kxh4 46. Rd6 d3
47. Kd2 Kg4 48. Ke3 h4 49. Rd4+ Kg5 50. f4+ Kg4 51. f5+ Kxf5 52. Rxh4 g5 53.
Rh8 g4 54. Rh5+ Kg6 55. Re5 g3 56. Kf4 d2 0-1

[Event "Maritime op"]
[Site "Summerside CAN"]
[Date "2019.10.14"]
[Round "5.3"]
[White "Bowes, Richard"]
[Black "Capello, Jordan"]
[Result "1-0"]
[WhiteElo "1933"]
[BlackElo "1925"]
[PlyCount "103"]
[EventDate "2019.10.12"]
[EventType "swiss"]
[EventRounds "6"]
[EventCountry "CAN"]

1. e4 e5 2. Bc4 c6 3. Nf3 d5 4. exd5 cxd5 5. Bb5+ Bd7 6. Bxd7+ Nxd7 7. Qe2 Bd6
8. d3 Ngf6 9. Nc3 O-O 10. O-O Qb6 11. Rb1 Rfe8 12. Qd1 Rac8 13. Bg5 d4 14. Ne2
h6 15. Bd2 Qa6 16. a3 Re6 17. Re1 Nc5 18. Ng3 Bb8 19. Qe2 e4 20. Nxe4 Ncxe4 21.
dxe4 Rxe4 22. Qxa6 bxa6 23. Rbc1 g5 24. h3 Rxe1+ 25. Nxe1 Ne4 26. Ba5 Rc5 27.
Bb4 Rb5 28. Nd3 a5 29. Be1 Nc5 30. Nxc5 Rxc5 31. Bd2 a4 32. Kf1 Rb5 33. Rb1 Bd6
34. Ke2 Bxa3 35. Bc1 f5 36. Kd3 Rb4 37. c3 dxc3 38. Kxc3 Rb3+ 39. Kc2 Bc5 40.
f3 Bb6 41. Ra1 Rb4 42. Bd2 Rc4+ 43. Bc3 g4 44. Kd3 Rc6 45. hxg4 Rd6+ 46. Kc2
fxg4 47. fxg4 Re6 48. Rxa4 Re2+ 49. Kd3 Rxg2 50. Rf4 Kh7 51. Rf7+ Kg6 52. Rg7#
1-0

[Event "Maritime op"]
[Site "Summerside CAN"]
[Date "2019.10.14"]
[Round "5.4"]
[White "Langen, Roger"]
[Black "Relyea, Alexander"]
[Result "1-0"]
[WhiteElo "2135"]
[BlackElo "1800"]
[PlyCount "31"]
[EventDate "2019.10.12"]
[EventType "swiss"]
[EventRounds "6"]
[EventCountry "CAN"]

1. e4 e6 2. d3 d5 3. Nd2 c5 4. g3 Nc6 5. Bg2 Nf6 6. Ngf3 Be7 7. O-O O-O 8. Re1
Qc7 9. c3 dxe4 10. dxe4 Rd8 11. Qc2 e5 12. Nc4 Be6 13. Ne3 Rd7 14. Ng5 Bg4 15.
Nxg4 Nxg4 16. Bh3 1-0

[Event "Maritime op"]
[Site "Summerside CAN"]
[Date "2019.10.14"]
[Round "6.1"]
[White "Bowes, Richard"]
[Black "Bogle, Bill"]
[Result "1/2-1/2"]
[WhiteElo "2015"]
[BlackElo "2121"]
[PlyCount "50"]
[EventDate "2019.10.12"]
[EventType "swiss"]
[EventRounds "6"]
[EventCountry "CAN"]

1. d4 Nf6 2. Nf3 e6 3. e3 b6 4. Bd3 Bb7 5. c4 d6 6. Nc3 Nbd7 7. O-O Be7 8. b3
c5 9. Bb2 Rc8 10. Qe2 Qc7 11. Rac1 h6 12. Rfd1 O-O 13. Bb1 Rfe8 14. d5 e5 15.
e4 Bf8 16. Rf1 g6 17. Rce1 Bg7 18. Nd2 a6 19. g3 Rb8 20. Qd1 Bc8 21. Bd3 Qd8
22. f3 Nf8 23. Rf2 N8h7 24. Bf1 Bd7 25. a4 Nf8 1/2-1/2

[Event "Maritime op"]
[Site "Summerside CAN"]
[Date "2019.10.14"]
[Round "6.2"]
[White "Manley, Jason"]
[Black "Mallais, Daniel"]
[Result "1-0"]
[WhiteElo "2204"]
[BlackElo "1902"]
[PlyCount "53"]
[EventDate "2019.10.12"]
[EventType "swiss"]
[EventRounds "6"]
[EventCountry "CAN"]

1. e4 c6 2. d4 d5 3. Nc3 dxe4 4. Nxe4 Nd7 5. Nf3 Ngf6 6. Ng3 e6 7. Bd3 Bd6 8.
O-O O-O 9. Re1 c5 10. c4 cxd4 11. Nxd4 Nc5 12. Bc2 Bxg3 13. hxg3 a5 14. Bf4 b6
15. Nb5 Qxd1 16. Raxd1 Ne8 17. Nc7 Nxc7 18. Bxc7 Nd7 19. Rd6 Ra7 20. Bxb6 Nxb6
21. Rxb6 Rc7 22. b3 Rd7 23. Rd1 Rxd1+ 24. Bxd1 Rd8 25. Bf3 g6 26. Rb8 Rf8 27.
Ra8 1-0

[Event "Maritime op"]
[Site "Summerside CAN"]
[Date "2019.10.14"]
[Round "6.3"]
[White "Langen, Roger"]
[Black "Saunders, Stephen"]
[Result "1/2-1/2"]
[WhiteElo "2135"]
[BlackElo "1832"]
[PlyCount "49"]
[EventDate "2019.10.12"]
[EventType "swiss"]
[EventRounds "6"]
[EventCountry "CAN"]

1. e4 c5 2. Nc3 Nc6 3. g3 g6 4. Bg2 Bg7 5. d3 d6 6. Bg5 Nf6 7. Qc1 h6 8. Bd2
Nd4 9. Nd1 Rb8 10. c3 Nc6 11. Ne2 Bd7 12. d4 cxd4 13. cxd4 Rc8 14. Qb1 Qb6 15.
Bc3 O-O 16. Qd3 Rfd8 17. h3 d5 18. e5 Bf5 19. Qe3 Ne4 20. g4 Nxc3 21. bxc3 Bc2
22. O-O Na5 23. Qd2 Bxd1 24. Qxd1 Nc4 25. e6 1/2-1/2

[Event "Maritime op"]
[Site "Summerside CAN"]
[Date "2019.10.14"]
[Round "6.4"]
[White "Turner, Peter"]
[Black "MacKean, Peter"]
[Result "1-0"]
[WhiteElo "1933"]
[BlackElo "2046"]
[PlyCount "63"]
[EventDate "2019.10.12"]
[EventType "swiss"]
[EventRounds "6"]
[EventCountry "CAN"]

1. e4 c5 2. Nf3 Nc6 3. d4 cxd4 4. Nxd4 e6 5. Nc3 Qb6 6. Nxc6 bxc6 7. Bd3 d5 8.
O-O d4 9. Ne2 c5 10. c3 e5 11. cxd4 exd4 12. Nf4 Ne7 13. Nd5 Qd8 14. Re1 Ng6
15. e5 Be7 16. Bb5+ Bd7 17. Qa4 Bxb5 18. Qxb5+ Kf8 19. Nxe7 Qxe7 20. Bd2 Qc7
21. Qc4 Nxe5 22. Qd5 Re8 23. f4 Nd7 24. Rxe8+ Kxe8 25. Re1+ Kd8 26. Qxf7 Nf6
27. Qc4 Re8 28. Rxe8+ Kxe8 29. b4 Ne4 30. Qg8+ Ke7 31. Qxg7+ Kd6 32. Qe5+ 1-0